00314pab a2200121 454500008004000000100001600040245004000056260000900096300001200105362000800117650002600125773004100151180718b2001 xxu||||| |||| 00| 0 eng d aRawat, Ajay aDesigning the organizational change c2001 ap.19-30 aJan aOrganizational change aAdministration and Management Review